High dams and slack waters : TVA rebuilds a river /

Bibliographic Details
Main Author: Droze, Wilmon Henry
Format: Book
Language:English
Published: Baton Rouge : Louisiana State University Press, [1965]
Subjects:

MARC

Tag First Indicator Second Indicator Subfields
LEADER 00000cam a2200000 4500
001 in00000065673
005 20151008050726.0
008 730228s1965 lau b 00000 eng u
010 |a  65014533  
035 |a (OCoLC)00566691 
035 |9 AAG2920AM 
040 |c DLC  |d DLC  |d TXA  |d UtOrBLW 
049 |a TXAM 
050 0 |a TK1425.M8  |b D75 1965 
082 0 |a 333.91 
100 1 |a Droze, Wilmon Henry. 
245 1 0 |a High dams and slack waters :  |b TVA rebuilds a river /  |c Wilmon Hnery Droze. 
264 1 |a Baton Rouge :  |b Louisiana State University Press,  |c [1965] 
264 4 |c ©1965 
300 |a vii, 174 pages :  |b illustrations ;  |c 24 cm. 
336 |a text  |b txt  |2 rdacontent 
337 |a unmediated  |b n  |2 rdamedia 
338 |a volume  |b nc  |2 rdacarrier 
504 |a Includes bibliographical references (pages 159-168) and index. 
610 2 0 |a Tennessee Valley Authority. 
651 0 |a Tennessee River  |x Navigation. 
999 |a MARS 
999 f f |s 61629cda-3e3d-3c24-aa74-c7c6b60ee78d  |i 5b08930b-fbc8-376a-bc7d-05aa58803909  |t 0 
952 f f |p ric  |a Texas A&M University  |b Rellis Campus  |c Joint Library Facility  |d Remote Storage  |t 0  |e TK1425.M8 D75 1965  |h Library of Congress classification  |i unmediated -- volume  |m A14800741603 
998 f f |a TK1425.M8 D75 1965  |t 0  |l Remote Storage